[Event "ch-FRA Accession 2015"]
[Site "Saint-Quentin FRA"]
[Date "2015.08.09"]
[Round "1.1"]
[White "Demuth, Adrien"]
[Black "Grimberg, Gilbert"]
[Result "1-0"]
[WhiteTitle "GM"]
[BlackTitle "FM"]
[WhiteElo "2541"]
[BlackElo "2281"]
[WhiteFideId "642274"]
[BlackFideId "600474"]
[EventDate "2015.08.09"]

1. d4 f5 2. Nc3 Nf6 3. Bg5 d5 4. Bxf6 exf6 5. e3 Be6 6. Qf3 Qd7 7. Bb5 Nc6 8.
Nge2 g5 9. Nc1 a6 10. Ba4 O-O-O 11. Nd3 f4 12. Bxc6 Qxc6 13. exf4 g4 14. Qg3 Qc4
15. O-O-O Qxd4 16. Rhe1 Bf5 17. Ne5 Qb4 18. Nf7 Bd6 19. Nxd5 Qc5 20. Qc3 Rhe8
21. Qxc5 Bxc5 22. Nxd8 Rxe1 23. Rxe1 Kxd8 24. Nxf6 1-0

[Event "ch-FRA Accession 2015"]
[Site "Saint-Quentin FRA"]
[Date "2015.08.09"]
[Round "1.2"]
[White "Hutois, Mickael"]
[Black "Chabanon, Jean-Luc"]
[Result "1/2-1/2"]
[BlackTitle "GM"]
[WhiteElo "2281"]
[BlackElo "2493"]
[WhiteFideId "652091"]
[BlackFideId "600075"]
[EventDate "2015.08.09"]

1. e4 c6 2. d4 d5 3. Nc3 dxe4 4. Nxe4 Nf6 5. Ng3 c5 6. Nf3 Nc6 7. dxc5 Qxd1+ 8.
Kxd1 e5 9. Bb5 Bg4 10. Re1 O-O-O+ 11. Bd2 Nd4 12. Bd3 Bxf3+ 13. gxf3 Nxf3 14.
Re3 Nxd2 15. Kxd2 Bxc5 16. Rxe5 Bxf2 17. Nf5 g6 18. Nh6 Bd4 19. Re2 Rhf8 20. c3
Bc5 21. Rf1 Rd6 22. b4 Bb6 23. Kc2 Kb8 24. Re7 Nd5 25. Rfxf7 Rxf7 26. Rxf7 Ne3+
27. Kd2 Nc4+ 28. Kc2 Ne5 29. Rf8+ Kc7 30. Be4 Be3 31. Re8 Nc4 32. Ng4 Rd2+ 33.
Kb3 b5 34. Bc2 Bg5 35. Rf8 Rg2 36. Nf6 Bc1 37. Ne4 a5 38. a4 bxa4+ 39. Kxc4 Rxc2
40. Rf7+ Kd8 41. Nc5 axb4 42. Kxb4 a3 43. Rxh7 Bb2 44. Ne6+ Ke8 45. Kb3 Rxc3+
46. Ka2 Rc2 47. h4 Rh2 48. Kb3 Rh3+ 49. Ka2 Rh1 50. Kb3 Rh2 51. Ka2 Bc1+ 52. Ka1
g5 53. h5 g4 54. Nc7+ Kf8 55. Ne6+ Kg8 56. Rg7+ Kh8 57. Rxg4 Bh6 58. Rg6 Rxh5
59. Ka2 Bc1 60. Rg2 Bb2 61. Nf4 Rh1 62. Nd3 Ra1+ 63. Kb3 Bf6 64. Ra2 Rd1 65. Kc2
Rxd3 66. Kxd3 Bb2 67. Kc2 1/2-1/2

[Event "ch-FRA Accession 2015"]
[Site "Saint-Quentin FRA"]
[Date "2015.08.09"]
[Round "1.3"]
[White "Velten, Paul"]
[Black "Delorme, Alban"]
[Result "0-1"]
[WhiteTitle "IM"]
[BlackTitle "FM"]
[WhiteElo "2470"]
[BlackElo "2331"]
[WhiteFideId "681091"]
[BlackFideId "623636"]
[EventDate "2015.08.09"]

1. d4 Nf6 2. Nf3 e6 3. Bg5 c5 4. e3 Be7 5. Nbd2 O-O 6. c3 cxd4 7. exd4 Nc6 8.
Bd3 Nd5 9. Bxe7 Qxe7 10. O-O Nf4 11. Bb5 a6 12. Bxc6 bxc6 13. Nb3 d6 14. Qd2 Qf6
15. Rfe1 a5 16. Qe3 Nd5 17. Qc1 Nf4 18. Qe3 Nd5 19. Qe4 a4 20. Nbd2 Ba6 21. c4
Nf4 22. g3 Nh3+ 23. Kg2 Ng5 24. Nxg5 Qxg5 25. Qe3 Qg6 26. b3 c5 27. f3 cxd4 28.
Qxd4 e5 29. Qf2 f5 30. b4 e4 31. fxe4 fxe4 32. Qe3 d5 33. b5 Bb7 34. cxd5 Bxd5
35. Rf1 Rxf1 36. Kxf1 Qf6+ 37. Ke1 0-1

[Event "ch-FRA Accession 2015"]
[Site "Saint-Quentin FRA"]
[Date "2015.08.09"]
[Round "1.4"]
[White "Mancini, Mario"]
[Black "Barbot, Pierre1"]
[Result "0-1"]
[WhiteTitle "FM"]
[BlackTitle "FM"]
[WhiteElo "2278"]
[BlackElo "2461"]
[WhiteFideId "605077"]
[BlackFideId "663727"]
[EventDate "2015.08.09"]

1. d4 Nf6 2. c4 e6 3. Nc3 Bb4 4. e3 O-O 5. Bd3 d5 6. Nf3 c5 7. O-O cxd4 8. exd4
dxc4 9. Bxc4 b6 10. Qe2 Bb7 11. Bg5 Bxc3 12. bxc3 Nbd7 13. Rfc1 Qc7 14. Bd3 Rfe8
15. c4 e5 16. Nxe5 Nxe5 17. dxe5 Rxe5 18. Bf4 Qc6 19. Qf1 Ree8 20. f3 Nh5 21.
Bd2 Rad8 22. Re1 Rxe1 23. Rxe1 Qf6 24. Qf2 h6 25. Bb1 Bc6 26. Be3 Nf4 27. c5 b5
28. Qc2 g6 29. Qf2 h5 30. Qg3 Ne6 31. Rc1 Kg7 32. h3 a5 33. Be4 Bxe4 34. fxe4
Nd4 35. Qf2 Nc6 36. Qe2 b4 37. Rd1 Rxd1+ 38. Qxd1 Qe6 39. Qd5 Qxd5 40. exd5 Ne7
41. c6 Nxd5 42. Bc5 Kf6 43. Kf2 Ke6 44. Ke2 Nc3+ 45. Kd3 Nxa2 46. Kc4 Nc3 47.
Bb6 Nd5 48. Bxa5 Kd6 49. c7 Nxc7 50. Bxb4+ Ke5 51. Kd3 Nd5 52. Ba5 Nf4+ 53. Ke3
Nxg2+ 54. Kf3 Nh4+ 55. Kg3 Nf5+ 56. Kf3 Nd4+ 57. Ke3 Nf5+ 58. Kf3 Nh4+ 59. Kg3
g5 60. Bc7+ Ke4 61. Bd8 Nf3 62. Bf6 Kf5 63. Bd8 Ne5 64. Be7 Nc6 65. Ba3 Ke4 66.
Bc1 f6 67. h4 g4 0-1

[Event "ch-FRA Accession 2015"]
[Site "Saint-Quentin FRA"]
[Date "2015.08.09"]
[Round "1.5"]
[White "Housieaux, David"]
[Black "Burri, Quentin"]
[Result "1/2-1/2"]
[WhiteTitle "IM"]
[BlackTitle "FM"]
[WhiteElo "2445"]
[BlackElo "2275"]
[WhiteFideId "617938"]
[BlackFideId "26028654"]
[EventDate "2015.08.09"]

1. d4 d5 2. c4 c6 3. Nc3 Nf6 4. e3 g6 5. Nf3 Bg7 6. Be2 O-O 7. O-O e6 8. Qc2
Nbd7 9. Rd1 b6 10. e4 dxe4 11. Nxe4 Nxe4 12. Qxe4 Bb7 13. Bg5 Qc8 14. Qh4 Re8
15. Bh6 Bf6 16. Qf4 Qb8 17. Ne5 Re7 18. Rd2 c5 19. Bf3 cxd4 20. Bxb7 Bxe5 21.
Qf3 Re8 22. Re1 Bh8 23. Bf4 e5 24. Bg3 Qd8 25. Bd5 Bf6 26. Bxa8 Qxa8 27. Qxa8
Rxa8 28. f4 exf4 29. Bxf4 Nc5 30. Kf1 Ne6 31. Be5 Bg5 32. Rd3 Be3 33. Ra3 Kf8
34. b4 Ke8 35. Bd6 Kd7 36. c5 bxc5 37. bxc5 Kc6 38. Rb1 f5 39. Ke2 Kd5 40. Kd3
Ng5 41. Rb8 Rxb8 42. Bxb8 Ne4 43. Bxa7 f4 44. Ra6 Nf2+ 45. Ke2 d3+ 46. Kf3 g5
47. Rd6+ Kc4 48. g4 h5 49. h3 hxg4+ 50. hxg4 d2 51. Rxd2 Bxd2 52. c6 Ba5 53.
Bxf2 Kd5 54. Be1 Bd8 55. Bd2 Kxc6 56. Bxf4 gxf4 57. Kxf4 Kb5 58. g5 Bxg5+ 59.
Kxg5 Ka4 60. a3 Kxa3 1/2-1/2

[Event "ch-FRA Accession 2015"]
[Site "Saint-Quentin FRA"]
[Date "2015.08.09"]
[Round "1.6"]
[White "Macon, Arthur"]
[Black "Roser, Kevin"]
[Result "0-1"]
[BlackTitle "IM"]
[WhiteElo "2273"]
[BlackElo "2404"]
[WhiteFideId "20654707"]
[BlackFideId "608688"]
[EventDate "2015.08.09"]

1. Nf3 c5 2. c4 Nc6 3. Nc3 g6 4. g3 Bg7 5. Bg2 d6 6. O-O Bf5 7. a3 Qd7 8. d3 Bh3
9. Rb1 Bxg2 10. Kxg2 e6 11. Bg5 h6 12. Bd2 Nge7 13. b4 b6 14. Qc1 g5 15. h3 f5
16. b5 Nd4 17. Nxd4 cxd4 18. Nd1 e5 19. f3 O-O 20. Nf2 Kh8 21. a4 Ng8 22. Rh1
Rae8 23. h4 g4 24. fxg4 e4 25. dxe4 fxe4 26. Bf4 e3 27. Nd3 Qxg4 28. Qf1 Nf6 29.
Qf3 Qe6 30. Rbc1 Ne4 31. Rhe1 Rc8 32. Kh2 Nc3 33. Nb2 Be5 34. Rf1 Bg7 35. Qg2
Rf7 36. Rc2 Rcf8 37. Rcc1 Kh7 38. Rce1 Be5 39. Nd3 Bxf4 40. Rxf4 Rxf4 41. Nxf4
Qxc4 42. Qf3 Qf7 43. Qc6 Qe7 44. Qc4 Rxf4 45. gxf4 Qxh4+ 46. Kg2 Qg4+ 47. Kh2
Qxf4+ 48. Kh3 Ne4 49. Qc7+ Kg6 50. Rg1+ Ng5+ 51. Rxg5+ hxg5 52. Qc4 Qf1+ 53. Kh2
Kh5 54. Qc2 Kg4 55. Qc8+ Qf5 0-1

[Event "ch-FRA Accession 2015"]
[Site "Saint-Quentin FRA"]
[Date "2015.08.10"]
[Round "2.1"]
[White "Houriez, Clement"]
[Black "Demuth, Adrien"]
[Result "0-1"]
[WhiteTitle "FM"]
[BlackTitle "GM"]
[WhiteElo "2338"]
[BlackElo "2541"]
[WhiteFideId "649708"]
[BlackFideId "642274"]
[EventDate "2015.08.09"]

1. d4 Nf6 2. c4 e6 3. Nf3 c5 4. d5 d6 5. Nc3 exd5 6. cxd5 g6 7. h3 Bg7 8. e4 O-O
9. Bd3 Nh5 10. O-O Nd7 11. Bg5 Bf6 12. Be3 Ne5 13. Be2 Nxf3+ 14. Bxf3 Ng7 15.
Qd2 a6 16. Rab1 b5 17. b4 cxb4 18. Rxb4 Bd7 19. Rbb1 Be5 20. Ne2 f5 21. Bg5 Qb6
22. Be3 Qd8 23. Bg5 Qb6 24. Be3 Qb7 25. Bh6 Qa7 26. Nf4 Rae8 27. Rbe1 Qd4 28.
Qxd4 Bxd4 29. exf5 Bxf5 30. Ne6 Bxe6 31. dxe6 Rxf3 32. gxf3 Nxe6 33. Be3 Be5 34.
f4 Bc3 35. Rc1 b4 36. Rfd1 Rd8 37. Rd5 Nc7 38. Ra5 Rb8 39. Rg5 Nb5 40. f5 Kf7
41. fxg6+ hxg6 42. f4 a5 43. f5 gxf5 44. Rxf5+ Ke6 45. Rff1 a4 46. Kf2 b3 47.
axb3 axb3 48. Ke2 b2 49. Rb1 Na3 50. h4 Nxb1 51. Rxb1 Kd5 52. Kd3 Be5 53. Bd2
Rb3+ 54. Kc2 Rh3 55. Rd1 Kc4 56. Bg5 d5 57. Re1 Bc3 58. Rg1 Rh2+ 59. Kb1 Kb3 60.
Rd1 Re2 61. h5 Re6 0-1

[Event "ch-FRA Accession 2015"]
[Site "Saint-Quentin FRA"]
[Date "2015.08.10"]
[Round "2.2"]
[White "Barbot, Pierre1"]
[Black "Delorme, Alban"]
[Result "1-0"]
[WhiteTitle "FM"]
[BlackTitle "FM"]
[WhiteElo "2461"]
[BlackElo "2331"]
[WhiteFideId "663727"]
[BlackFideId "623636"]
[EventDate "2015.08.09"]

1. d4 Nf6 2. c4 e6 3. Nf3 b6 4. g3 Bb7 5. Bg2 c5 6. d5 exd5 7. Nh4 g6 8. Nc3 Bg7
9. O-O O-O 10. Bg5 h6 11. Bxf6 Qxf6 12. Nxd5 Bxd5 13. Qxd5 Nc6 14. Qxd7 Rac8 15.
Rad1 g5 16. Bxc6 Rxc6 17. Nf5 Re6 18. Nxg7 Kxg7 19. Rd2 Rfe8 20. e3 h5 21. Qd3
h4 22. Rfd1 hxg3 23. hxg3 Rh8 24. Qd5 Rh3 25. Qg2 g4 26. b3 Qh6 27. Rd7 Rf6 28.
Qe4 Rh2 29. Qxg4+ Kh7 30. Qe4+ Kg7 31. R1d2 Qh3 32. R7d6 Rf5 33. R6d5 Rf6 34.
Rg5+ Kh6 35. Rg4 1-0

[Event "ch-FRA Accession 2015"]
[Site "Saint-Quentin FRA"]
[Date "2015.08.10"]
[Round "2.3"]
[White "Roser, Kevin"]
[Black "Duboue, Peio"]
[Result "1-0"]
[WhiteTitle "IM"]
[BlackTitle "FM"]
[WhiteElo "2404"]
[BlackElo "2312"]
[WhiteFideId "608688"]
[BlackFideId "654833"]
[EventDate "2015.08.09"]

1. e4 e5 2. Nf3 Nc6 3. Bb5 Nf6 4. O-O Be7 5. Re1 d6 6. c3 O-O 7. h3 a6 8. Ba4 b5
9. Bc2 Nb8 10. d4 Nbd7 11. Nbd2 Re8 12. Nf1 Bf8 13. Ng3 g6 14. a4 Bb7 15. Bd3 c6
16. Be3 Bg7 17. Qd2 Qc7 18. b4 Nb6 19. a5 Nbd7 20. dxe5 Nxe5 21. Nxe5 dxe5 22.
c4 Nd7 23. Rac1 Qd6 24. Red1 Nf8 25. Qb2 Rad8 26. Bb6 Rd7 27. cxb5 cxb5 28. Bc2
Qe7 29. Bb3 Rxd1+ 30. Rxd1 Ne6 31. Bd5 Nf4 32. Bc5 Qc7 33. Bxb7 Qxb7 34. Qd2 Ne6
35. Qd5 Nxc5 36. bxc5 Qc7 37. c6 Rc8 38. Rc1 Bf8 39. Nf1 Rd8 40. Qa2 Bh6 41. Ne3
Bxe3 42. fxe3 Rd6 43. Qc2 b4 44. Qc5 Re6 45. Qb6 Qc8 46. Qb7 Re8 47. Qxb4 f6 48.
Qb7 h5 49. Rd1 1-0

[Event "ch-FRA Accession 2015"]
[Site "Saint-Quentin FRA"]
[Date "2015.08.10"]
[Round "2.4"]
[White "Eden, James"]
[Black "Lazarev, Vladimir"]
[Result "0-1"]
[BlackTitle "GM"]
[WhiteElo "2301"]
[BlackElo "2389"]
[WhiteFideId "666491"]
[BlackFideId "4113250"]
[EventDate "2015.08.09"]

1. e4 c5 2. Nf3 Nc6 3. Nc3 e6 4. d4 cxd4 5. Nxd4 Qc7 6. f4 a6 7. Nxc6 Qxc6 8.
Bd3 b5 9. Qe2 Bb7 10. Bd2 Rc8 11. O-O-O b4 12. Nd5 Qa4 13. Bc4 exd5 14. exd5+
Kd8 15. Rhe1 Nf6 16. Be3 Qa5 17. Bd4 Bd6 18. Qe3 Kc7 19. Be5 Ne8 20. Bd4 Kb8 21.
Bb6 Qa4 22. b3 Qxa2 23. Qd4 Nc7 24. g3 Nb5 25. Qd3 Na3 26. Re4 f5 27. Rd4 Rhe8
28. Qxf5 Re2 0-1

[Event "ch-FRA Accession 2015"]
[Site "Saint-Quentin FRA"]
[Date "2015.08.10"]
[Round "2.5"]
[White "Clery, Nicolas"]
[Black "Rodriguez, Adrien"]
[Result "1-0"]
[WhiteTitle "IM"]
[WhiteElo "2371"]
[BlackElo "2300"]
[WhiteFideId "614904"]
[BlackFideId "20691866"]
[EventDate "2015.08.09"]

1. Nf3 c5 2. c4 d6 3. Nc3 Nc6 4. e3 Nf6 5. d4 Bg4 6. Be2 e5 7. O-O Be7 8. d5 Nb8
9. Ne1 h5 10. e4 Bxe2 11. Qxe2 h4 12. Nd3 Nh5 13. f4 Nxf4 14. Nxf4 exf4 15. Bxf4
g5 16. e5 gxf4 17. exd6 Qxd6 18. Nb5 Qd7 19. d6 Nc6 20. dxe7 Qxe7 21. Nc7+ Kd7
22. Qxe7+ Nxe7 23. Nxa8 Ng6 24. Rad1+ Kc6 25. Rd5 Rxa8 26. Rfd1 Rg8 27. Rd6+ Kc7
28. Rd7+ Kc8 29. Rxf7 h3 30. Rdd7 Ne5 31. Rg7 Rxg7 32. Rxg7 hxg2 33. Kxg2 Nxc4
34. b3 Nd6 35. Kf3 b5 36. Rxa7 c4 37. bxc4 bxc4 38. Kxf4 1-0

[Event "ch-FRA Accession 2015"]
[Site "Saint-Quentin FRA"]
[Date "2015.08.10"]
[Round "2.6"]
[White "Dionisi, Thomas"]
[Black "Rabineau, Clement"]
[Result "1-0"]
[WhiteTitle "FM"]
[BlackTitle "FM"]
[WhiteElo "2371"]
[BlackElo "2221"]
[WhiteFideId "651893"]
[BlackFideId "628891"]
[EventDate "2015.08.09"]

1. e4 g6 2. d4 Bg7 3. Nc3 d6 4. Nf3 Bg4 5. Be3 Nf6 6. h3 Bxf3 7. Qxf3 Nc6 8.
O-O-O O-O 9. g4 a6 10. g5 Nd7 11. h4 e5 12. d5 Nd4 13. Qh3 f6 14. Ne2 Nc5 15.
Ng3 Qd7 16. Qxd7 Nxd7 17. c3 Nf3 18. Bh3 Nc5 19. Bg4 fxg5 20. hxg5 Rf4 21. Bxf4
exf4 22. Bxf3 fxg3 23. fxg3 Be5 24. Rhg1 a5 25. Kc2 Kg7 26. Rdf1 b5 27. Be2 b4
28. Bd3 Rb8 29. g4 Na4 30. cxb4 axb4 31. b3 Nc5 32. Rd1 Ra8 33. Kb1 Re8 34. Rgf1
Ra8 35. Rf3 Rf8 36. Rxf8 Kxf8 37. Kc2 Kg7 38. Rf1 Kg8 39. Kd2 Bc3+ 40. Ke3 Be5
41. Bb5 Bg3 42. Rc1 Be5 43. Rc4 Bc3 44. Ba4 Be1 45. Ke2 Bh4 46. Rxb4 Bxg5 47.
Rb8+ Kg7 48. Rc8 Kf6 49. Kf3 Ke5 50. Rxc7 h5 51. gxh5 gxh5 52. Rc8 Kd4 53. Bb5
Bd2 54. Be8 h4 55. Bg6 Bb4 56. Bf5 Kc3 57. e5 1-0

[Event "ch-FRA Accession 2015"]
[Site "Saint-Quentin FRA"]
[Date "2015.08.11"]
[Round "3.1"]
[White "Demuth, Adrien"]
[Black "Clery, Nicolas"]
[Result "1-0"]
[WhiteTitle "GM"]
[BlackTitle "IM"]
[WhiteElo "2541"]
[BlackElo "2371"]
[WhiteFideId "642274"]
[BlackFideId "614904"]
[EventDate "2015.08.09"]

1. d4 e6 2. c4 Bb4+ 3. Bd2 Bxd2+ 4. Qxd2 Nf6 5. Nf3 d5 6. Nc3 O-O 7. Qf4 Nbd7 8.
e3 c5 9. cxd5 Nxd5 10. Nxd5 exd5 11. dxc5 Nxc5 12. Qd4 Ne4 13. Bd3 Ng5 14. Be2
Nxf3+ 15. Bxf3 Be6 16. O-O Qa5 17. Rfd1 Rfd8 18. a3 Rac8 19. Rac1 Rxc1 20. Rxc1
Rc8 21. Rd1 Qb6 22. Qxb6 axb6 23. g3 Rc2 24. Bxd5 Rxb2 25. Bxe6 fxe6 26. Rd7 Ra2
27. Rxb7 Rxa3 28. Re7 Ra8 29. Kf1 b5 30. Rxe6 Rb8 31. Ke2 Kf7 32. Rc6 g5 33. Kd3
b4 34. Kc2 b3+ 35. Kb2 g4 36. Rh6 Rf8 37. Kxb3 Kg7 38. Rh4 h5 39. Rxh5 Rxf2 40.
Rg5+ Kf6 41. Rxg4 Rxh2 42. Kc3 Ke5 43. Kd3 Ra2 44. Rg5+ Kf6 45. Rg8 Ra4 46. Ke2 1-0

[Event "ch-FRA Accession 2015"]
[Site "Saint-Quentin FRA"]
[Date "2015.08.11"]
[Round "3.2"]
[White "Lazarev, Vladimir"]
[Black "Barbot, Pierre1"]
[Result "1/2-1/2"]
[WhiteTitle "GM"]
[BlackTitle "FM"]
[WhiteElo "2389"]
[BlackElo "2461"]
[WhiteFideId "4113250"]
[BlackFideId "663727"]
[EventDate "2015.08.09"]

1. Nf3 Nf6 2. c4 e6 3. d4 d5 4. Nc3 dxc4 5. e3 a6 6. a4 c5 7. Bxc4 Nc6 8. O-O
Be7 9. Qe2 cxd4 10. Rd1 e5 11. exd4 exd4 12. Nxd4 Nxd4 13. Qe5 Qd6 14. Qxd6 Bxd6
15. Rxd4 Be5 16. Rd1 O-O 17. Nd5 Be6 18. Nxf6+ Bxf6 19. Bxe6 fxe6 20. Be3 Rfd8
21. Kf1 Bxb2 22. Rxd8+ Rxd8 23. Rb1 Bf6 24. Rxb7 Rd1+ 25. Ke2 Ra1 26. Rb4 Kf7
27. h4 h5 28. g3 Ra3 29. Bd2 Ra2 30. Kd3 Ra3+ 31. Ke2 Ra2 32. Kd3 Ra3+ 33. Ke2
Ra2 1/2-1/2

[Event "ch-FRA Accession 2015"]
[Site "Saint-Quentin FRA"]
[Date "2015.08.11"]
[Round "3.3"]
[White "Dionisi, Thomas"]
[Black "Roser, Kevin"]
[Result "1/2-1/2"]
[WhiteTitle "FM"]
[BlackTitle "IM"]
[WhiteElo "2371"]
[BlackElo "2404"]
[WhiteFideId "651893"]
[BlackFideId "608688"]
[EventDate "2015.08.09"]

1. e4 c5 2. Nf3 d6 3. d4 cxd4 4. Nxd4 Nf6 5. Nc3 Nc6 6. Be2 g6 7. O-O Bg7 8. Nb3
O-O 9. Re1 Be6 10. Bf1 d5 11. Nc5 dxe4 12. Nxe6 fxe6 13. Qxd8 Rfxd8 14. Bg5 Nb4
15. Rac1 Rac8 16. a3 Nbd5 17. Nd1 h6 18. Bd2 Nb6 19. Ba5 Rd5 20. Bxb6 axb6 21.
Ne3 Rd6 22. c3 h5 23. Rcd1 Rcd8 24. Bc4 Kf7 25. Bb3 b5 26. Kf1 Nd7 27. Bc2 Nc5
28. Ke2 Nd3 29. Bxd3 exd3+ 30. Kf3 Bh6 31. g3 Kf6 32. Rd2 e5 33. Red1 Ke6 34.
Ke4 Ra8 35. Rxd3 Ra4+ 36. b4 Bxe3 37. fxe3 Rc6 38. Rd5 Rc4+ 39. Kf3 Rxa3 40.
Rxb5 Rcxc3 41. Re1 Rc4 42. h4 Rb3 43. Rxb7 Rcxb4 44. Rxb4 Rxb4 45. e4 Kd6 46.
Rd1+ Rd4 47. Rc1 Ke6 48. Rc6+ Rd6 49. Rc5 Kf6 50. Ra5 Rb6 51. Rc5 Rb3+ 52. Kf2
Rd3 53. Ra5 Rd6 54. Kf3 Re6 55. Ra8 Kf7 56. Ke3 Rb6 57. Ra5 Kf6 58. Kf3 Rb3+ 59.
Kf2 e6 60. Rc5 Ra3 61. Rb5 Rc3 1/2-1/2

[Event "ch-FRA Accession 2015"]
[Site "Saint-Quentin FRA"]
[Date "2015.08.11"]
[Round "3.4"]
[White "Chabanon, Jean-Luc"]
[Black "Debray, Christopher"]
[Result "0-1"]
[WhiteTitle "GM"]
[BlackTitle "IM"]
[WhiteElo "2493"]
[BlackElo "2346"]
[WhiteFideId "600075"]
[BlackFideId "630810"]
[EventDate "2015.08.09"]

1. d4 e6 2. c4 b6 3. e4 Bb7 4. Bd3 Bb4+ 5. Kf1 Be7 6. Nc3 d6 7. Qg4 Bf6 8. Nge2
Nc6 9. Be3 e5 10. d5 Nb4 11. Bb1 h5 12. Qf3 a5 13. a3 Na6 14. Bc2 Bg5 15. Bxg5
Qxg5 16. h4 Qe7 17. Ba4+ Kf8 18. g3 Nc5 19. Bb5 a4 20. Kg2 g6 21. Qe3 Kg7 22. f3
Nh6 23. Raf1 Rhf8 24. Nd1 Bc8 25. Bc6 Bb7 26. Bb5 Bc8 27. Bc6 Bb7 28. Bxb7 Nxb7
29. Nf2 Nc5 30. g4 hxg4 31. fxg4 Qd7 32. Qg3 Rh8 33. g5 Ng8 34. Qf3 f5 35. gxf6+
Nxf6 36. Ng3 Raf8 37. Qe3 Nh5 38. Nxh5+ Rxh5 39. Rh3 Rf4 40. Rfh1 b5 41. Qe2
bxc4 42. Qxc4 Qe7 43. Qe2 Rfxh4 44. Rxh4 Rxh4 45. Rxh4 Qxh4 46. Qf3 Qg5+ 47. Kh3
Qd2 48. Qg3 g5 49. Qf3 Qf4 50. Qe2 Kg6 51. Kg2 g4 52. Nxg4 Qxe4+ 53. Qxe4+ Nxe4
54. Kf3 Nd2+ 55. Ke3 Nc4+ 56. Kd3 Nxb2+ 57. Kc3 Nd1+ 58. Kd2 Kg5 59. Nh2 Nf2 60.
Kc3 Kf4 0-1

[Event "ch-FRA Accession 2015"]
[Site "Saint-Quentin FRA"]
[Date "2015.08.11"]
[Round "3.5"]
[White "Devallee, Jeremie"]
[Black "Collas, Didier"]
[Result "1/2-1/2"]
[BlackTitle "IM"]
[WhiteElo "2215"]
[BlackElo "2379"]
[WhiteFideId "665240"]
[BlackFideId "602680"]
[EventDate "2015.08.09"]

1. e4 c5 2. d4 cxd4 3. c3 dxc3 4. Nxc3 Nc6 5. Nf3 e6 6. Bc4 a6 7. O-O Nge7 8.
Bg5 h6 9. Be3 b5 10. Bb3 Na5 11. Nd4 Bb7 12. Bc2 Nc4 13. Bc1 Nc6 14. b3 N4e5 15.
Nxc6 Nxc6 16. Bb2 Bc5 17. Nd5 O-O 18. Nf6+ gxf6 19. Qg4+ Kh7 20. Qh5 Ne5 21. Kh1
Qe7 22. f4 Ng6 23. f5 e5 24. Bc1 Nf4 25. Rxf4 exf4 26. Bxf4 Rh8 27. Bxh6 Rae8
28. Rf1 Be3 29. Bxe3+ Kg8 30. Qg4+ Kf8 31. Bf4 Rc8 32. Qg3 Rc6 33. Rd1 Qc5 34.
Bd6+ Rxd6 35. Qxd6+ Qxd6 36. Rxd6 Ke7 37. Rd2 Rh4 38. Re2 Kd6 39. Rd2+ Ke7 40.
Re2 Kd6 41. g3 Rg4 42. Kg2 Ke5 43. Kf3 Rg8 44. Ke3 Rc8 45. Kd2 b4 46. Bd3 a5 47.
h4 Rg8 48. Re3 d6 49. Ke2 1/2-1/2

[Event "ch-FRA Accession 2015"]
[Site "Saint-Quentin FRA"]
[Date "2015.08.11"]
[Round "3.6"]
[White "Jolly, Jean-Francois"]
[Black "Malassagne, Raphael"]
[Result "1-0"]
[WhiteTitle "IM"]
[WhiteElo "2345"]
[BlackElo "2203"]
[WhiteFideId "634751"]
[BlackFideId "20666276"]
[EventDate "2015.08.09"]

1. e4 d5 2. exd5 Qxd5 3. Nc3 Qa5 4. d4 Nf6 5. Nf3 Bf5 6. Bc4 c6 7. Bd2 e6 8. Nd5
Qd8 9. Nxf6+ gxf6 10. Qe2 Be7 11. O-O-O Nd7 12. Rhe1 Qc7 13. Nh4 Bg6 14. Bxe6
fxe6 15. Qxe6 Nb6 16. Nxg6 hxg6 17. Qxf6 Rf8 18. Qxg6+ Rf7 19. Rxe7+ Qxe7 20.
Re1 O-O-O 21. Rxe7 Rxe7 22. Bg5 Re1+ 23. Kd2 Rde8 24. Be3 1-0

[Event "ch-FRA Accession 2015"]
[Site "Saint-Quentin FRA"]
[Date "2015.08.12"]
[Round "4.1"]
[White "Debray, Christopher"]
[Black "Demuth, Adrien"]
[Result "0-1"]
[WhiteTitle "IM"]
[BlackTitle "GM"]
[WhiteElo "2346"]
[BlackElo "2541"]
[WhiteFideId "630810"]
[BlackFideId "642274"]
[EventDate "2015.08.09"]

1. e4 e5 2. Nf3 d6 3. d4 exd4 4. Nxd4 Nf6 5. Nc3 Be7 6. g3 d5 7. e5 Ng4 8. Bg2
c6 9. f4 O-O 10. h3 Nh6 11. O-O f6 12. exf6 Bxf6 13. g4 Re8 14. Nce2 Na6 15. Ng3
Qb6 16. c3 Nc7 17. Nh5 Bxd4+ 18. Qxd4 Qxd4+ 19. cxd4 Nxg4 20. hxg4 Bxg4 21. Bf3
Bxf3 22. Rxf3 Re1+ 23. Rf1 Rae8 24. Bd2 Rxf1+ 25. Rxf1 Nb5 26. Re1 Rxe1+ 27.
Bxe1 Nxd4 28. Bf2 Ne2+ 29. Kf1 Nc1 30. Bxa7 Kf7 31. Bd4 g6 32. Nf6 h5 33. Nd7
Nxa2 34. Ne5+ Ke6 35. Nxg6 Kf5 36. Nh4+ Kxf4 37. Ke2 Nc1+ 38. Kd1 Nd3 39. Kd2
Ke4 40. Bf6 c5 41. b3 b5 42. Be7 c4 43. bxc4 bxc4 44. Kc3 Ne5 45. Bc5 Nf3 46.
Ng2 h4 47. Nxh4 Nxh4 48. Bb6 Nf3 49. Ba7 Ne5 50. Bg1 Nc6 51. Bb6 Ke5 52. Bg1 Kd6
53. Bb6 Kd7 54. Bf2 Kc7 55. Bg1 Kb7 56. Be3 Ka6 57. Bh6 Kb5 58. Bg7 d4+ 59. Kd2
Kc5 60. Bf8+ Kd5 61. Kc2 Ke4 62. Ba3 Ne5 63. Bc5 Nc6 64. Ba3 Na7 65. Be7 Nb5 66.
Bc5 d3+ 67. Kd1 c3 68. Bf8 Nd4 69. Bh6 Nb3 0-1

[Event "ch-FRA Accession 2015"]
[Site "Saint-Quentin FRA"]
[Date "2015.08.12"]
[Round "4.2"]
[White "Barbot, Pierre1"]
[Black "Dionisi, Thomas"]
[Result "0-1"]
[WhiteTitle "FM"]
[BlackTitle "FM"]
[WhiteElo "2461"]
[BlackElo "2371"]
[WhiteFideId "663727"]
[BlackFideId "651893"]
[EventDate "2015.08.09"]

1. d4 f5 2. c4 Nf6 3. Nc3 g6 4. h4 d6 5. h5 Nxh5 6. e4 Nf6 7. Bd3 Nc6 8. exf5
Bxf5 9. Bxf5 gxf5 10. Bg5 Bg7 11. Bxf6 Bxf6 12. Nd5 e6 13. Qh5+ Kf8 14. Nf4 Nxd4
15. O-O-O Qe7 16. Rxd4 Bxd4 17. Nf3 Bf6 18. Re1 e5 19. Qxf5 Qf7 20. Nd5 Bd8 21.
Qh3 Rg8 22. Re3 Rg6 23. Nh4 Bg5 24. Nxg6+ hxg6 25. f4 exf4 26. Rf3 Kg7 27. Qg4
Bh6 28. g3 Re8 29. gxf4 Re4 30. Rh3 Rxc4+ 31. Nc3 Rxf4 32. Qc8 Rh4+ 33. Kc2 Rxh3
34. Qxh3 Bf4 35. Qg2 c6 36. Qg1 a6 37. Ne2 Qf5+ 38. Kc3 Qe5+ 39. Qd4 Qxd4+ 40.
Kxd4 Be5+ 0-1

[Event "ch-FRA Accession 2015"]
[Site "Saint-Quentin FRA"]
[Date "2015.08.12"]
[Round "4.3"]
[White "Roser, Kevin"]
[Black "Jolly, Jean-Francois"]
[Result "1/2-1/2"]
[WhiteTitle "IM"]
[BlackTitle "IM"]
[WhiteElo "2404"]
[BlackElo "2345"]
[WhiteFideId "608688"]
[BlackFideId "634751"]
[EventDate "2015.08.09"]

1. e4 c5 2. Nf3 Nc6 3. Bb5 e6 4. O-O Nge7 5. c3 d5 6. exd5 Nxd5 7. Ne5 Qc7 8.
Qa4 Qxe5 9. Bxc6+ Kd8 10. d4 Qd6 11. Bxd5 Qxd5 12. dxc5 Bd7 13. Qh4+ Be7 14. Qg3
e5 15. Be3 f5 16. Bg5 Bxg5 17. Qxg5+ Kc7 18. c4 Qxc5 19. Nc3 Rae8 20. Rfd1 Bc6
21. Nd5+ Kb8 22. Rac1 Qf8 23. b4 h6 24. Qe3 f4 25. Qe4 Qxb4 26. Qg6 Qf8 27. Rb1
Rc8 28. Qe6 Ka8 29. Qxe5 Qf7 30. Rd3 Bxd5 31. cxd5 Rhd8 32. h3 Rd7 33. Rbd1 Re8
34. Qd4 Rd6 35. Ra3 a6 36. Rad3 Red8 37. Qe5 g5 38. a4 Qd7 39. Qd4 Qf5 40. Qc4
h5 41. f3 1/2-1/2